| 000 | aam a22 a 4500 | ||
|---|---|---|---|
| 999 |
_c4225 _d4225 |
||
| 003 | AKMAL | ||
| 005 | 20170525154055.0 | ||
| 008 | 170525s1987 my 00 eng d | ||
| 020 | _a9679470377 (pbk.) | ||
| 020 | _a9679470393 (hbk) | ||
| 040 | _aAKMAL | ||
| 082 | 0 | 4 | _a959.505 ISI |
| 090 | 0 | 0 |
_a959.505 _bISI |
| 245 | 0 | 0 |
_aMalaysia, past, present & future : _bproceedings of a conference on Malaysia Tufts University, Medford, Massachusetts November 18-20, 1984 Sponsored by the Fletcher School of Law and Diplomacy, Institute of Strategic and International Studies (ISIS) Malaysia, The Asia Society |
| 260 |
_aKuala Lumpur : _bInstitute of Strategic and International Studies, _c1987 |
||
| 300 | 0 | 0 |
_a76p. ; _c23cm |
| 651 | 0 |
_aMalaysia _xPolitics and government _944 |
|
| 651 | 0 |
_aMalaysia _xEconomic conditions _963 |
|
| 710 | 2 |
_aInstitut Kajian Strategik dan Antarabangsa Malaysia _98275 |
|
| 942 |
_2ddc _cBOOK |
||